Vista normal Vista MARC

Entrada Topical Term

Número de registros utilizados en: 1

001 - CONTROL NUMBER

  • control field: 13080

003 - CONTROL NUMBER IDENTIFIER

  • control field: OSt

005 - DATE AND TIME OF LATEST TRANSACTION

  • control field: 20210205154517.0

008 - FIXED-LENGTH DATA ELEMENTS

  • fixed length control field: 210205|| aca||aabn | a|a d

040 ## - CATALOGING SOURCE

  • Original cataloging agency: OSt
  • Transcribing agency: OSt

150 ## - HEADING--TOPICAL TERM

  • Topical term or geographic name entry element: Catálogos
  • General subdivision: Caricaturas Colombianas
  • General subdivision: Historia
  • Form subdivision: Exposiciones
  • Form subdivision: Catálogos

670 ## - SOURCE DATA FOUND

  • Source citation: Work cat.: (OSt): autor Biblioteca Luis Ángel Arango 13077, La caricatura en Colombia a partir de la independencia / , 2009